000
00330nam a2200145Ia 4500
005
20251222141809.0
008
251222s9999||||xx |||||||||||||| ||spa||
020
_a
978-612-002-0257-5
082
_a
005.73/C82A
100
_a
Cortez Vásquez, Augusto
245
0
_a
Algoritmia
250
_a
1ra.
264
_b
ESVEGA
942
_c
LIB
999
_c
6399
_d
6399